| 000 | 00566nam a22001577a 4500 | ||
|---|---|---|---|
| 005 | 20120502131657.0 | ||
| 020 |
_a8187848014 _c355.00 |
||
| 035 | _aB-60633 | ||
| 037 |
_aDPL _bENG |
||
| 245 |
_aIndia-Africa relations prospects in the new millennium / _cedited by Uma Shakar Jha |
||
| 260 |
_aDelhi _bAssociation of Indian Africanist _c2001 |
||
| 300 |
_a208p. _c20 cms. |
||
| 700 |
_aJha, Uma Shakar _946218 |
||
| 942 |
_2ddc _cEN _h327. |
||
| 999 |
_c65994 _d65994 |
||